000 00890nam a2200241 a 4500
003 MX-MxUPN
005 20240614063745.0
008 220330t1980 cu |||||r|||| 000 0 spa d
040 _aMX-MxUPN
_bspa
_cMX-MxUPN
049 _aLT
050 4 _aLB1631 C9.12
_bP6.7 OM
100 1 _aPorto Eligio de la Puente, Magaly
_944109
245 1 0 _aInglés :
_bduodécimo grado /
_cMagaly Porto Eligio de la Puente, Evelio González Granado, Teresita Tosar Curbelo.
260 _aCiudad de La Habana :
_bEditorial de Libros para la Educación,
_c©1980.
300 _a80 p.
490 0 _aOrientaciones metodológicas
650 4 _aInglés
_xEstudio y enseñanza (Secundaria)
_95708
650 4 _aInglés
_vLibros de texto para extranjeros
_99168
700 1 _aGonzález Granado, Evelio
_944110
_ecoaut.
700 1 _aTosar Curbelo, Teresita
_944108
_ecoaut.
905 _aLibro
942 _2lcc
_cLIBRO
999 _c208330
_d208330